书目信息 |
| 题名: |
神圣使命:重读马里坦
|
|
| 作者: | 陈麟书 , 田? | |
| 分册: | ||
| 出版信息: | 成都 四川人民出版社 1997.09 |
|
| 页数: | 332页 | |
| 开本: | 32开 | |
| 丛书名: | ||
| 单 册: | ||
| 中图分类: | B565.52 | |
| 科图分类: | ||
| 主题词: | 哲学--欧洲 | |
| 电子资源: | ||
| ISBN: | 7-220-03790-2 | |
| 000 | 00599nam0 2200205 45 | |
| 001 | 0008100961 | |
| 005 | 20000810091517.9 | |
| 010 | @a7-220-03790-2@d14.00元 | |
| 100 | @a20000810d1997 km y0chiy0120 ea | |
| 101 | 0 | @achi |
| 105 | @a z 000yy | |
| 200 | 1 | @a神圣使命:重读马里坦@AShen Sheng Shi Ming:Zhong Du Ma Li Tan@f陈麟书,田海华著@FChen Lin Shu,Tian Hai Hua Zhu |
| 210 | @a成都@c四川人民出版社@d1997.09 | |
| 215 | @a332页@d32开 | |
| 606 | 0 | @a哲学@x欧洲 |
| 690 | @aB565.52@v3 | |
| 701 | 0 | @a陈麟书 |
| 701 | 0 | @a田? |
| 801 | @aCN@bPftUser@c20000810 | |
| 905 | @b101395-399@dB565.52@eCH787@f5 | |
| 神圣使命:重读马里坦/陈麟书,田海华著.-成都:四川人民出版社,1997.09 |
| 332页;32开 |
| ISBN 7-220-03790-2:14.00元 |
| ● |
| 相关链接 |
|
|
|
正题名:神圣使命:重读马里坦
索取号:B565.52/CH787
 
预约/预借
| 序号 | 登录号 | 条形码 | 馆藏地/架位号 | 状态 | 备注 |
| 1 | 101395 | 201013955 | 社科库509/422社科库 46排4列4层/ [索取号:B565.52/CH787] | 在馆 | |
| 2 | 101396 | 201013964 | 社科库509/400A自科库 48排1列3层/ [索取号:B565.52/CH787] | 在馆 | |
| 3 | 101397 | 201013973 | 社科库509/400A自科库 48排1列3层/ [索取号:B565.52/CH787] | 在馆 | |
| 4 | 101398 | 201013982 | 社科库509/400A自科库 48排1列3层/ [索取号:B565.52/CH787] | 在馆 | |
| 5 | 101399 | 201013991 | 社科库509/422社科库 46排4列4层/ [索取号:B565.52/CH787] | 在馆 |